<?xml version='1.0' encoding='UTF-8'?>
  <record xmlns="http://www.loc.gov/MARC21/slim">
    <leader>00000cem a2200000 i 4500</leader>
    <controlfield tag="001">ocn192099148</controlfield>
    <controlfield tag="003">OCoLC</controlfield>
    <controlfield tag="005">20250316023802.1</controlfield>
    <controlfield tag="007">aj aauun</controlfield>
    <controlfield tag="008">061003s1748    ne        u     0   dut d</controlfield>
    <datafield tag="040" ind1=" " ind2=" ">
      <subfield code="a">NLGGC</subfield>
      <subfield code="b">dut</subfield>
      <subfield code="e">fobidrtb</subfield>
      <subfield code="c">NLGGC</subfield>
      <subfield code="d">OCLCO</subfield>
      <subfield code="d">OCLCA</subfield>
      <subfield code="d">OCLCL</subfield>
      <subfield code="d">OCLCQ</subfield>
    </datafield>
    <datafield tag="029" ind1="0" ind2=" ">
      <subfield code="a">NLGGC</subfield>
      <subfield code="b">297371282</subfield>
    </datafield>
    <datafield tag="034" ind1="1" ind2=" ">
      <subfield code="a">a</subfield>
      <subfield code="b">4000000</subfield>
    </datafield>
    <datafield tag="035" ind1=" " ind2=" ">
      <subfield code="a">(OCoLC)192099148</subfield>
    </datafield>
    <datafield tag="045" ind1="0" ind2=" ">
      <subfield code="b">c2000</subfield>
    </datafield>
    <datafield tag="084" ind1=" " ind2=" ">
      <subfield code="a">11.35</subfield>
      <subfield code="2">bcl</subfield>
    </datafield>
    <datafield tag="245" ind1="0" ind2="0">
      <subfield code="a">Afbeelding van alle de landen gelegen tusschen de Middellandsche, Zwarte, Caspische, Persische en Rode Zeeën :</subfield>
      <subfield code="b">benevens derzelver rivieren, bergen, berugtste steden enz. : alles met derzelver aloude namen uitgedrukt, zo als verstrekt tot opheldering van de aards-vaderlyke geschiedenis /</subfield>
      <subfield code="c">door W.A. Bachiene ; J. van Jagen sculp. 1747 ; J. Punt inv. et fecit.</subfield>
    </datafield>
    <datafield tag="255" ind1=" " ind2=" ">
      <subfield code="a">Schaal [ca. 1:4.000.000].</subfield>
    </datafield>
    <datafield tag="260" ind1=" " ind2=" ">
      <subfield code="a">Uitgegeven te Gorinchem :</subfield>
      <subfield code="b">by Nicolaas Goetzee,</subfield>
      <subfield code="c">1748.</subfield>
    </datafield>
    <datafield tag="300" ind1=" " ind2=" ">
      <subfield code="a">1 kaart. :</subfield>
      <subfield code="b">kopergrav. ;</subfield>
      <subfield code="c">39 x 50 cm.</subfield>
    </datafield>
    <datafield tag="336" ind1=" " ind2=" ">
      <subfield code="a">cartografische afbeelding</subfield>
      <subfield code="b">cri</subfield>
      <subfield code="2">rdacontent/dut</subfield>
    </datafield>
    <datafield tag="337" ind1=" " ind2=" ">
      <subfield code="a">zonder medium</subfield>
      <subfield code="b">n</subfield>
      <subfield code="2">rdamedia/dut</subfield>
    </datafield>
    <datafield tag="338" ind1=" " ind2=" ">
      <subfield code="a">vel</subfield>
      <subfield code="b">nb</subfield>
      <subfield code="2">rdacarrier/dut</subfield>
    </datafield>
    <datafield tag="500" ind1=" " ind2=" ">
      <subfield code="a">Met toelichting.</subfield>
    </datafield>
    <datafield tag="500" ind1=" " ind2=" ">
      <subfield code="a">Midden boven: N. I. Rechtsboven: Deze kaart in den Bybel te plaatsen by Gen. II.</subfield>
    </datafield>
    <datafield tag="510" ind1="0" ind2=" ">
      <subfield code="a">Poortman en Augusteijn, Kaarten in Bijbels,</subfield>
      <subfield code="c">p. 253</subfield>
    </datafield>
    <datafield tag="651" ind1=" " ind2="7">
      <subfield code="a">Midden-Oosten.</subfield>
      <subfield code="2">gtt</subfield>
      <subfield code="0">(NL-LeOCL)078590906</subfield>
    </datafield>
    <datafield tag="700" ind1="1" ind2=" ">
      <subfield code="a">Bachiene, Willem Albert,</subfield>
      <subfield code="d">1712-1783.</subfield>
      <subfield code="1">https://id.oclc.org/worldcat/entity/E39PCjGcpRbcQgc8TRtXyXjMrm</subfield>
    </datafield>
    <datafield tag="700" ind1="1" ind2=" ">
      <subfield code="a">Jagen, J. van</subfield>
      <subfield code="q">(Jan),</subfield>
      <subfield code="c">uitgever, kaartgraveur,</subfield>
      <subfield code="d">ca. 1710-1800.</subfield>
      <subfield code="1">https://id.oclc.org/worldcat/entity/E39PBJw8TxgqQ7Hq6ktd9W3WjC</subfield>
    </datafield>
    <datafield tag="700" ind1="1" ind2=" ">
      <subfield code="a">Punt, Jan</subfield>
      <subfield code="q">(Johannes),</subfield>
      <subfield code="c">tekenaar, etser, graveur, toneelspeler en kunstverkoper,</subfield>
      <subfield code="d">1711-1779.</subfield>
      <subfield code="1">https://id.oclc.org/worldcat/entity/E39PBJmXMJdBPTt7c4gxYdxdQq</subfield>
    </datafield>
    <datafield tag="710" ind1="0" ind2=" ">
      <subfield code="a">Goetzee, Nicolaas (Gorinchem)</subfield>
      <subfield code="4">prt</subfield>
      <subfield code="0">(NL-LeOCL)080045405</subfield>
    </datafield>
    <datafield tag="787" ind1="1" ind2="8">
      <subfield code="i">Ook in:</subfield>
      <subfield code="t">Bybel, dat is, de gansche H. Schrift, vervattende alle de kanonyke boeken des Ouden en nieuwen Testaments.</subfield>
      <subfield code="d">Gorinchem : Nicolaas Goetzee, 1748 (en latere uitgaven, zonder vermelding van de uitgever)</subfield>
    </datafield>
    <datafield tag="936" ind1=" " ind2=" ">
      <subfield code="a">BATCHLOAD</subfield>
    </datafield>
  </record>